Statistiken für Die Größten Städte Deutschlands: Buchstabe S

Klicken Sie hier um das Quiz zu spielen!

Allgemein

  • Dieses Quiz wurde 768 mal gespielt
  • Das Durchschnittsergebnis liegt bei 8 aus 15

Antwortstatistiken

BevölkerungStadt% Korrekt
623.738Stuttgart
99%
178.151Saarbrücken
87%
158.726Solingen
78%
96.800Schwerin
77%
102.355Siegen
68%
51.969Schweinfurt
59%
101.079Salzgitter
52%
63.971Sindelfingen
47%
58.041Stralsund
41%
47.974Soest
40%
47.287Singen
35%
50.284Speyer
31%
59.840Schwäbisch Gmünd
21%
55.709Sankt Augustin
16%
56.739Stolberg
12%

Verteilung der Resultate

Perzentil nach korrekt beantworteten Fragen

Anzahl Personen mit jedem Resultat

Ihre Resultats-Entwicklung

Sie haben dieses Quiz noch nicht gespielt